[Event "Politiken Cup 36th"]
[Site "Helsingor"]
[Date "2014.07.27"]
[Round "8"]
[White "Merkesvik, Frode"]
[Black "Larsen, Preben R"]
[Result "0-1"]
[WhiteElo "1633"]
[BlackElo "1833"]
[PlyCount "62"]
[EventDate "2014.07.21"]
[EventType "swiss"]
[EventRounds "10"]
[EventCountry "DEN"]
[SourceTitle "CBM 161 Extra"]
[Source "ChessBase"]
[SourceDate "2014.08.29"]
[SourceVersion "1"]
[SourceVersionDate "2014.08.29"]
[SourceQuality "1"]

1. e4 e5 2. Nf3 Nc6 3. c3 Nf6 4. d3 d5 5. exd5 Qxd5 6. Be2 Bg4 7. Qb3 0-0-0 8. 0-0 Qd6 9. Nbd2 Be6 10. Qc2 Bg4 11. Ne4 Nxe4 12. dxe4 Be7 13. Be3 Qg6 14. Rad1 Bh3 15. Rxd8+ Rxd8 16. g3 Bxf1 17. Bxf1 h5 18. h4 Qd6 19. Be2 f6 20. Nd2 g6 21. b4 a6 22. a4 Nb8 23. g4 Qd7 24. f3 Rh8 25. Bf2 g5 26. hxg5 hxg4 27. fxg4 fxg5 28. Kg2 Bd6 29. b5 Qh7 30. Bg3 Qh3+ 31. Kf2 Bc5+ 0-1

[Event "Politiken Cup 36th"]
[Site "Helsingor"]
[Date "2014.07.26"]
[Round "7"]
[White "Ulberth, Nicolas"]
[Black "Merkesvik, Frode"]
[Result "1/2-1/2"]
[WhiteElo "1809"]
[BlackElo "1633"]
[PlyCount "65"]
[EventDate "2014.07.21"]
[EventType "swiss"]
[EventRounds "10"]
[EventCountry "DEN"]
[SourceTitle "CBM 161 Extra"]
[Source "ChessBase"]
[SourceDate "2014.08.29"]
[SourceVersion "1"]
[SourceVersionDate "2014.08.29"]
[SourceQuality "1"]

1. d4 d5 2. g3 e6 3. Bg2 Nf6 4. Nf3 Be7 5. 0-0 c5 6. c3 0-0 7. Bg5 Ne4 8. Bxe7 Qxe7 9. Ne5 Nf6 10. Nd2 Nfd7 11. Ndf3 Nc6 12. Nxc6 bxc6 13. Qa4 Bb7 14. Rab1 c4 15. Qc2 c5 16. e3 Rfe8 17. Nd2 Nb6 18. Rfe1 Qc7 19. f4 Rad8 20. Nf3 h6 21. Qe2 cxd4 22. exd4 Nd7 23. Ne5 Nxe5 24. fxe5 a5 25. Rf1 Rf8 26. Qe3 Qe7 27. Bh3 Bc8 28. b4 axb4 29. Rxb4 Qa7 30. Rf2 Bd7 31. Rfb2 Rb8 32. Qd2 Rxb4 33. Rxb4 1/2-1/2

[Event "Politiken Cup 36th"]
[Site "Helsingor"]
[Date "2014.07.22"]
[Round "3"]
[White "Stuhr, Finn"]
[Black "Merkesvik, Frode"]
[Result "1-0"]
[WhiteElo "1800"]
[BlackElo "1633"]
[PlyCount "117"]
[EventDate "2014.07.21"]
[EventType "swiss"]
[EventRounds "10"]
[EventCountry "DEN"]
[SourceTitle "CBM 161 Extra"]
[Source "ChessBase"]
[SourceDate "2014.08.29"]
[SourceVersion "1"]
[SourceVersionDate "2014.08.29"]
[SourceQuality "1"]

1. e4 e5 2. Nf3 d6 3. c3 Nf6 4. Qc2 Nc6 5. Bb5 a6 6. Ba4 b5 7. Bb3 Na5 8. a4 Nxb3 9. Qxb3 Be6 10. Qc2 Bd7 11. axb5 axb5 12. Rxa8 Qxa8 13. d3 c5 14. Na3 Be7 15. Qb3 Qa4 16. Qxa4 bxa4 17. 0-0 0-0 18. Bg5 h6 19. Bh4 g5 20. Bg3 Nh5 21. h3 Nxg3 22. fxg3 f5 23. Nc4 fxe4 24. dxe4 Bb5 25. Nfd2 Rxf1+ 26. Kxf1 Kf7 27. Kf2 Ke6 28. Ne3 Bc6 29. c4 h5 30. Nf5 Bxe4 31. Nxe7 Bxg2 32. Kxg2 Kxe7 33. Ne4 g4 34. hxg4 hxg4 35. Nf2 Ke6 36. Nxg4 d5 37. cxd5+ Kxd5 38. Kf3 c4 39. Ne3+ Kd4 40. Nc2+ Kd3 41. Nb4+ Kd4 42. g4 c3 43. bxc3+ Kxc3 44. Na2+ Kb2 45. g5 Kxa2 46. g6 Kb2 47. g7 a3 48. g8Q a2 49. Qb8+ Kc2 50. Qc7+ Kb1 51. Qb6+ Kc1 52. Qc5+ Kb1 53. Qb4+ Kc2 54. Qa3 Kb1 55. Qb3+ Ka1 56. Ke2 e4 57. Kd1 e3 58. Kc1 e2 59. Qb2# 1-0

[Event "Politiken Cup 35th"]
[Site "Helsingor"]
[Date "2013.08.02"]
[Round "8"]
[White "Merkesvik, Frode"]
[Black "Nielsen, Kai Gylling"]
[Result "1-0"]
[WhiteElo "1611"]
[BlackElo "1833"]
[PlyCount "97"]
[EventDate "2013.07.27"]
[EventType "swiss"]
[EventRounds "10"]
[EventCountry "DEN"]
[SourceTitle "CBM 155 Extra"]
[Source "ChessBase"]
[SourceDate "2013.08.26"]
[SourceVersion "1"]
[SourceVersionDate "2013.08.26"]
[SourceQuality "1"]

1. Nf3 d5 2. d4 Nf6 3. Bg5 Nbd7 4. e3 c6 5. c4 e6 6. a3 h6 7. Bh4 Be7 8. h3 0-0 9. Nc3 a6 10. cxd5 exd5 11. Be2 Ne4 12. Bxe7 Qxe7 13. Qc2 f5 14. 0-0 f4 15. exf4 Rxf4 16. Rae1 Qf6 17. Nxe4 dxe4 18. Bc4+ Kh8 19. Rxe4 Nf8 20. Rxf4 Qxf4 21. Ne5 Bf5 22. Qc3 Kh7 23. Bd3 Rd8 24. g3 Qxe5 25. dxe5 Rxd3 26. Qb4 Ng6 27. Re1 Rd7 28. g4 Be6 29. f4 Nh4 30. Qc3 Bd5 31. Kf2 Ng2 32. f5 Nxe1 33. Kxe1 Kg8 34. Kf2 Rf7 35. Kg3 h5 36. e6 Rf6 37. Qe5 Rf8 38. g5 Re8 39. e7 b5 40. g6 h4+ 41. Kxh4 a5 42. Qd6 a4 43. Qd8 Bf7 44. Kg5 c5 45. f6 b4 46. h4 bxa3 47. bxa3 c4 48. gxf7+ Kxf7 49. Qd5# 1-0

[Event "Bergen Grand Prix"]
[Site "Bergen"]
[Date "2011.11.12"]
[Round "2"]
[White "Ristesund, Odd"]
[Black "Merkesvik, Frode"]
[Result "1-0"]
[WhiteElo "1454"]
[BlackElo "1152"]
[PlyCount "81"]
[EventDate "2011.11.13"]
[EventType "swiss"]
[EventRounds "5"]
[EventCountry "NOR"]
[SourceTitle "EXT 2024"]
[Source "ChessBase"]
[SourceDate "2023.10.10"]
[SourceVersion "1"]
[SourceVersionDate "2023.10.10"]
[SourceQuality "1"]

1. d4 d5 2. c4 e6 3. Nc3 Bb4 4. Qa4+ Nc6 5. e3 Nge7 6. a3 Bxc3+ 7. bxc3 0-0 8. Nf3 a6 9. Qc2 Na7 10. Bd3 f5 11. Ne5 Nec6 12. f4 Nxe5 13. fxe5 c6 14. 0-0 b5 15. cxd5 cxd5 16. a4 Bd7 17. Ba3 Rf7 18. axb5 Nxb5 19. Bc5 Bc6 20. c4 Nc7 21. Bb6 Qd7 22. Bxc7 Qxc7 23. cxd5 exd5 24. Rxf5 Rxf5 25. Bxf5 h6 26. Be6+ Kh8 27. Bxd5 Rc8 28. Rc1 Qa5 29. Bxc6 Qa3 30. Qc3 Qa2 31. d5 a5 32. h3 a4 33. e6 Rf8 34. Qc2 Qa3 35. Qd2 Qd6 36. Bxa4 Ra8 37. Bc2 Ra2 38. Qd3 Kg8 39. Qh7+ Kf8 40. Rf1+ Ke8 41. Qg8+ 1-0

[Event "Bergen Grand Prix"]
[Site "Bergen"]
[Date "2011.11.11"]
[Round "1"]
[White "Merkesvik, Frode"]
[Black "Andreassen, Jonas"]
[Result "1-0"]
[WhiteElo "1152"]
[BlackElo "731"]
[PlyCount "61"]
[EventDate "2011.11.13"]
[EventType "swiss"]
[EventRounds "5"]
[EventCountry "NOR"]
[SourceTitle "EXT 2024"]
[Source "ChessBase"]
[SourceDate "2023.10.10"]
[SourceVersion "1"]
[SourceVersionDate "2023.10.10"]
[SourceQuality "1"]

1. e4 e5 2. Nf3 Nc6 3. d3 Bc5 4. g3 h6 5. Bg2 Nf6 6. 0-0 d6 7. Nbd2 Bg4 8. Nb3 Bb6 9. Re1 Qd7 10. Be3 Bxe3 11. Rxe3 g5 12. c3 0-0-0 13. a4 a6 14. Qd2 d5 15. exd5 Qxd5 16. Nxe5 Qxb3 17. Nxc6 bxc6 18. Bxc6 Qb6 19. Bg2 Rhe8 20. Rxe8 Rxe8 21. d4 Re2 22. Qd3 Qxb2 23. Qxa6+ Kd8 24. Qxf6+ Ke8 25. Rf1 Qxc3 26. Bc6+ Bd7 27. Bxd7+ Kxd7 28. Qxf7+ Re7 29. Qf5+ Kd6 30. Qf6+ Re6 31. Qd8+ 1-0

[Event "Politiken Cup 33rd"]
[Site "Helsingor"]
[Date "2011.07.31"]
[Round "3"]
[White "Merkesvik, Frode"]
[Black "Johnsen, Oystein"]
[Result "0-1"]
[WhiteElo "1112"]
[BlackElo "1724"]
[PlyCount "138"]
[EventDate "2011.07.30"]
[EventType "swiss"]
[EventRounds "10"]
[EventCountry "DEN"]
[SourceTitle "CBM 143 Extra"]
[Source "ChessBase"]
[SourceDate "2011.08.29"]
[SourceVersion "1"]
[SourceVersionDate "2011.08.29"]
[SourceQuality "1"]

1. e4 c5 2. Nf3 e6 3. d4 cxd4 4. Nxd4 Nc6 5. c3 d6 6. Bb5 Qc7 7. 0-0 Nf6 8. Re1 Be7 9. Bg5 0-0 10. Bxf6 Bxf6 11. Nxc6 bxc6 12. Bf1 Bb7 13. Qc2 d5 14. Nd2 Rab8 15. Rab1 Rfd8 16. Kh1 g6 17. a3 h5 18. c4 d4 19. f3 h4 20. c5 Be5 21. h3 Bg3 22. Red1 Qf4 23. Bd3 Qg5 24. Nf1 Bf4 25. b4 Qe7 26. Qb2 Bc8 27. Qc2 e5 28. Qa4 Qc7 29. Qc2 Be6 30. Qf2 Qe7 31. Qc2 Kg7 32. Qa4 Qd7 33. Qc2 Rh8 34. Bc4 Bxh3 35. gxh3 Qxh3+ 36. Nh2 Bxh2 37. Qxh2 Qxf3+ 38. Qg2 Qxa3 39. Qf1 f6 40. Qd3 Qxd3 41. Bxd3 g5 42. Be2 Rb7 43. Rd2 Rc7 44. Ra1 Rb8 45. Rb2 Kg6 46. Kg2 Rd8 47. Ra3 Rb8 48. Kf3 Kh5 49. Kg2+ g4 50. Rb1 f5 51. exf5 e4 52. f6 Kg5 53. Kh2 d3 54. Bd1 Rf8 55. Bxg4 Kxg4 56. Rg1+ Kf5 57. Rg7 Rff7 58. Ra6 Kxf6 59. Rxf7+ Kxf7 60. Kg2 d2 61. Ra1 Rd7 62. Rd1 Rd3 63. Kf2 Ke6 64. Ke2 Kd5 65. Rb1 d1Q+ 66. Rxd1 Rxd1 67. Kxd1 Kc4 68. Ke2 Kxb4 69. Ke3 a5 0-1